[Event "Tourn. n8114"]
[Site "www.chess-mail.com"]
[Date "2015.04.15"]
[Round "1"]
[White "Servant"]
[Black "F14"]
[WhiteElo "1640"]
[BlackElo "1850"]
[Result "1/2-1/2"]
[Round "1"]
1.d4 Ng8f6
2.Ng1f3 d5
3.Nb1c3 Bc8g4
4.Nf3e5 Bg4h5
5.Bc1g5 Nb8d7
6.Qd1d2 Nf6e4
7.Nc3xe4 Nd7xe5
8.dxe5 dxe4
9.Qd2xd8 Ra8xd8
10.f3 exf3
11.exf3 h6
12.Bg5d2 e6
13.O-O-O Bf8e7
14.Bf1c4 Bh5g6
15.Bd2c3 a6
16.Rd1xd8 Be7xd8
17.Rh1d1 O-O
18.Rd1d7 b5
19.Bc4d3 Bg6xd3
20.cxd3 c5
21.a3 Bd8g5
22.Kc2 Rf8d8
23.Rd7a7 b4
24.axb4 cxb4
25.Bc3xb4 Rd8c8
26.Kb3 Rc8c6
27.d4 Bg5e3
28.Bb4c5 Be3g5
29.g3 Bg5e3
30.Kc3 Kh7
31.Kd3 Be3c1
32.b4 { draw }
1/2-1/2

[Event "Tourn. n8072"]
[Site "www.chess-mail.com"]
[Date "2015.04.15"]
[Round "1"]
[White "Vasylpuzanov"]
[Black "Fabos12"]
[WhiteElo "2080"]
[BlackElo "1890"]
[Result "1-0"]
[Round "1"]
1.e4 g6
2.h4 d6
3.h5 Ng8f6
4.hxg6 fxg6
5.Nb1c3 Bf8g7
6.d4 O-O
7.Bf1c4 Kh8
8.Ng1f3 h6
9.Bc1xh6 Bc8g4
10.Bh6xg7 Kxg7
11.Qd1d2 Rf8h8
12.O-O-O Nb8c6
13.Qd2g5 Bg4xf3
14.gxf3 Rh8h5
15.Rh1xh5 Nf6xh5
16.Rd1g1 Nh5f4
17.Rg1h1 e5
18.Qg5h6 Kf6
19.Qh6h4 Kg7
20.Qh4h7 Kf6
21.Qh7f7  { time }
1-0

[Event "Tourn. n7981"]
[Site "www.chess-mail.com"]
[Date "2015.04.15"]
[Round "1"]
[White "Szustan"]
[Black "Nimzo"]
[WhiteElo "2620"]
[BlackElo "2670"]
[Result "1/2-1/2"]
[Round "1"]
1.e4 e6
2.d4 d5
3.Nb1c3 Ng8f6
4.e5 Nf6d7
5.Ng1f3 c5
6.Bf1b5 a6
7.Bb5xd7 Bc8xd7
8.O-O Nb8c6
9.Rf1e1 cxd4
10.Nf3xd4 Nc6xd4
11.Qd1xd4 Ra8c8
12.a3 Rc8c4
13.Qd4d3 Qd8h4
14.Bc1e3 Bf8e7
15.b3 Rc4c7
16.a4 O-O
17.Nc3e2 f6
18.exf6 Qh4xf6
19.f4 Bd7e8
20.Be3d4 Qf6g6
21.Re1c1 Be7d6
22.Qd3e3 Qg6f5
23.c3 Be8g6
24.Bd4e5 Bd6xe5
25.fxe5 Qf5e4
26.Qe3xe4 dxe4
27.Ne2d4 Bg6f7
28.Kf2 Rc7c5
29.c4 Rc5xe5
30.Ke3 Re5h5
31.Rc1h1 { draw }
1/2-1/2

[Event "Tourn. n8130"]
[Site "www.chess-mail.com"]
[Date "2015.04.15"]
[Round "1"]
[White "Fangshuo"]
[Black "Blackpool"]
[WhiteElo "2040"]
[BlackElo "1970"]
[Result "0-1"]
[Round "1"]
1.e4 d6
2.d4 Ng8f6
3.Nb1c3 g6
4.Ng1f3 Bf8g7
5.Bc1g5 c6
6.e5 dxe5
7.dxe5 Qd8xd1
8.Ra1xd1 Nf6g4
9.Bg5f4 Nb8d7
10.h3 Ng4xe5
11.Nf3xe5 Nd7xe5
12.Bf1e2 Bc8e6
13.a3 Ra8d8
14.Rd1xd8 Kxd8
15.O-O Kc8
16.Bf4d2 Rh8d8
17.Rf1d1 Ne5c4
18.Bd2c1 Rd8xd1
19.Be2xd1 Nc4xa3
20.Nc3e4 Na3c4
21.b3 Nc4b6
22.Ne4g5 Kd7
23.Ng5xh7 f6
24.g4 Ke8
25.g5 Kf7
26.gxf6 exf6
{ resign }
0-1

[Event "Tourn. n8058"]
[Site "www.chess-mail.com"]
[Date "2015.04.15"]
[Round "1"]
[White "Julian"]
[Black "Krasin"]
[WhiteElo "2000"]
[BlackElo "2280"]
[Result "1-0"]
[Round "1"]
1.e4 e6
2.d4 d5
3.e5 c5
4.c3 Nb8c6
5.Ng1f3 Bc8d7
6.g3 f6
7.Bf1g2 fxe5
8.dxe5 Ng8h6
9.O-O Nh6f7
10.Rf1e1 Bf8e7
11.Nb1a3 O-O
12.Na3c2 Qd8c7
13.Qd1e2 b5
14.b3 Ra8b8
15.Bc1a3 a5
16.c4 bxc4
17.bxc4 d4
18.Ra1b1 Nc6b4
19.Nc2xb4 axb4
20.Ba3c1 Bd7c6
21.h4 Rb8a8
22.Bc1g5 Ra8a3
23.Bg5xe7 Qc7xe7
24.Rb1b3 Rf8a8
25.Rb3xa3 Ra8xa3
26.Nf3g5 Bc6xg2
27.Kxg2 Nf7xg5
28.hxg5 Qe7xg5
29.Qe2e4 h6
30.Qe4c6 Qg5f5
31.Qc6c8 Kh7
32.Qc8xc5 Qf5f3
33.Kg1 d3
34.Qc5xb4  { time }
1-0

[Event "Tourn. n8140"]
[Site "www.chess-mail.com"]
[Date "2015.04.15"]
[Round "1"]
[White "Ruko"]
[Black "Malbertan"]
[WhiteElo "1850"]
[BlackElo "1960"]
[Result "0-1"]
[Round "1"]
1.e4 e5
2.Ng1f3 Nb8c6
3.Bf1c4 Ng8f6
4.Nb1c3 Nf6xe4
5.Bc4xf7 Kxf7
6.Nc3xe4 d5
7.Ne4g3 Bf8d6
8.d3 Rh8f8
9.Bc1g5 Nc6e7
10.O-O Kg8
11.Rf1e1 h6
12.Bg5xe7 Qd8xe7
13.Nf3xe5 Qe7f6
14.d4 Qf6xf2
15.Kh1 Bd6xe5
 { time }
0-1

[Event "Tourn. n8109"]
[Site "www.chess-mail.com"]
[Date "2015.04.15"]
[Round "1"]
[White "Fabos12"]
[Black "Oxycontin"]
[WhiteElo "1890"]
[BlackElo "2060"]
[Result "0-1"]
[Round "1"]
1.e4 Ng8f6
2.Nb1c3 d5
3.exd5 Nf6xd5
4.Ng1f3 Nb8c6
5.Bf1c4 Bc8e6
6.Nc3xd5 Be6xd5
7.Qd1e2 g6
8.b3 Bf8g7
9.c3 O-O
10.Bc4b5 a6
11.Bb5xc6 Bd5xc6
12.O-O Rf8e8
13.Qe2c4 Bc6b5
14.Qc4e4 Bb5xf1
15.Kxf1 c6
16.d4 Qd8d5
17.Qe4d3 e5
18.Qd3d1 exd4
19.cxd4 Re8e4
 { time }
0-1

[Event "Tourn. n8104"]
[Site "www.chess-mail.com"]
[Date "2015.04.15"]
[Round "1"]
[White "Fabos12"]
[Black "Hundegana"]
[WhiteElo "1890"]
[BlackElo "1940"]
[Result "0-1"]
[Round "1"]
1.e4 c5
2.Ng1f3 d6
3.Bf1c4 e6
4.d4 Ng8f6
5.Bc1g5 h6
6.Bc4b5 Ke7
7.Bg5xf6 gxf6
8.O-O a6
9.Bb5a4 b5
10.Ba4b3 c4
11.Bb3xc4 bxc4
12.Qd1e2 Qd8c7
13.Nb1c3 Bc8b7
14.Rf1e1 Nb8d7
15.Ra1d1 Bf8g7
16.Nf3d2 Nd7b6
17.Qe2h5 Ra8g8
18.Qh5a5 Rg8c8
19.Re1e3 Rh8g8
20.b3 cxb3
21.Nd2xb3 Nb6c4
22.Qa5xc7 Rc8xc7
23.Re3g3 Nc4a3
24.Rd1d2 Kf8
25.Nb3a5 Bb7c8
 { time }
0-1

[Event "Tourn. n8068"]
[Site "www.chess-mail.com"]
[Date "2015.04.15"]
[Round "1"]
[White "Jjmcbride"]
[Black "Falcoale"]
[WhiteElo "1790"]
[BlackElo "1860"]
[Result "1/2-1/2"]
[Round "1"]
1.e4 c5
2.Ng1f3 Nb8c6
3.d4 cxd4
4.Nf3xd4 a6
5.c3 e6
6.f4 Bf8c5
7.b4 Bc5a7
8.e5 Ng8e7
9.Bf1d3 O-O
10.Bc1e3 Ne7d5
11.Be3f2 Nd5xf4
12.Qd1f3 Nf4xd3
13.Qf3xd3 Nc6xe5
14.Qd3e4 Ne5g6
15.O-O f5
16.Qe4f3 Ng6e5
17.Qf3f4 Ba7b8
18.h3 Ne5d3
19.Qf4f3 Nd3xf2
20.Qf3xf2 Qd8c7
21.Nd4f3 e5
22.Qf2g3 d6
23.Nb1d2 f4
24.Qg3h4 Bc8f5
25.g3 fxg3
26.Qh4xg3 Qc7xc3
27.Ra1c1 Bb8a7
28.Kh2 Qc3d3
29.Qg3g2 Rf8f6
{ draw }
1/2-1/2

[Event "Tourn. n7893"]
[Site "www.chess-mail.com"]
[Date "2015.04.15"]
[Round "1"]
[White "Leswamp"]
[Black "Tartan"]
[WhiteElo "2430"]
[BlackElo "2330"]
[Result "0-1"]
[Round "1"]
1.d4 Ng8f6
2.c4 e6
3.Ng1f3 Bf8b4
4.Nb1d2 b6
5.a3 Bb4xd2
6.Qd1xd2 Bc8b7
7.e3 O-O
8.Bf1e2 d6
9.O-O Nb8d7
10.b4 Qd8e7
11.Bc1b2 Rf8c8
12.b5 a6
13.Rf1c1 e5
14.a4 Rc8e8
15.Rc1c2 exd4
16.exd4 axb5
17.axb5 Ra8xa1
18.Bb2xa1 Bb7xf3
19.gxf3 Nf6h5
20.Ba1b2 Qe7f6
21.Bb2c1 Nh5f4
22.Qd2xf4 Qf6g6
23.Qf4g3 Qg6xc2
24.Bc1h6 g6
25.Be2f1 Qc2d1
26.Bh6e3 Re8a8
27.Be3h6 Qd1xd4
28.h4 Ra8a1
29.Qg3g5 f6
30.Qg5e3 Qd4xe3
31.Bh6xe3 Nd7e5
32.Kg2 Ra1a4
33.Be3d4 Kf7
34.Bd4xe5 dxe5
35.Bf1d3 f5
36.Kg3 Ke6
37.Bd3e2 Kd6
38.h5 gxh5
39.Kh4 Ke6
40.Kxh5 Ra4a2
41.Be2d1 Ra2d2
42.Bd1b3 Rd2d3
{ resign }
0-1

[Event "Tourn. n8179"]
[Site "www.chess-mail.com"]
[Date "2015.04.15"]
[Round "1"]
[White "Anja"]
[Black "Cyrilgeorge"]
[WhiteElo "1640"]
[BlackElo "1799"]
[Result "1-0"]
[Round "1"]
1.d4 d5
2.Ng1f3 f6
3.Bc1f4 c6
4.e3 Nb8d7
5.Bf1d3 g6
6.O-O g5
7.Nf3xg5 fxg5
8.Qd1h5 { resign }
1-0

[Event "Tourn. n8067"]
[Site "www.chess-mail.com"]
[Date "2015.04.15"]
[Round "1"]
[White "Colchester"]
[Black "Fabos12"]
[WhiteElo "1830"]
[BlackElo "1880"]
[Result "1-0"]
[Round "1"]
1.d4 g6
2.Ng1f3 d6
3.e3 Bf8g7
4.h4 Bc8g4
5.Bf1e2 Ng8f6
6.c4 c5
7.dxc5 Qd8a5
8.Bc1d2 Qa5xc5
9.Qd1c2 Nb8c6
10.a3 Qc5b6
11.Bd2c3 O-O
12.Nb1d2 Bg4f5
13.Be2d3 Bf5g4
14.b4 e5
15.e4 Bg4e6
16.Nf3g5 Nf6g4
17.O-O Be6d7
18.Nd2b3 h6
19.Ng5f3 Kh7
20.c5 dxc5
21.Nb3xc5 Bd7c8
22.Bc3b2 Nc6d4
23.Nf3xd4  { time }
1-0

[Event "Tourn. n8043"]
[Site "www.chess-mail.com"]
[Date "2015.04.15"]
[Round "1"]
[White "Colchester"]
[Black "Groz"]
[WhiteElo "1870"]
[BlackElo "1809"]
[Result "1/2-1/2"]
[Round "1"]
1.d4 g6
2.g3 Bf8g7
3.Bf1g2 e6
4.e4 Ng8e7
5.Ng1e2 O-O
6.O-O d5
7.exd5 exd5
8.h3 c6
9.c3 Bc8f5
10.Nb1d2 Nb8d7
11.Nd2f3 Bf5e4
12.Bc1f4 Ne7f5
13.g4 Nf5h4
14.Nf3xh4 Qd8xh4
15.Bf4g3 Qh4e7
16.Bg2xe4 dxe4
17.Qd1c2 f5
18.gxf5 gxf5
19.Bg3f4 Qe7h4
20.Kh2 Bg7h6
21.Rf1g1 Kh8
22.Bf4g3 Qh4h5
23.Ne2f4 Qh5f3
24.Qc2e2 Bh6xf4
25.Qe2xf3 exf3
26.Bg3xf4 Ra8e8
27.Ra1e1 a6
28.Re1e3 Re8xe3
29.fxe3 Rf8g8
30.Rg1xg8 Kxg8
31.Kg3 Kf7
32.Kxf3 Ke6
33.e4 fxe4
34.Kxe4 Nd7f6
35.Kf3 { draw }
1/2-1/2

[Event "Tourn. n7917"]
[Site "www.chess-mail.com"]
[Date "2015.04.15"]
[Round "1"]
[White "Kermet"]
[Black "Nimzo"]
[WhiteElo "2520"]
[BlackElo "2640"]
[Result "1/2-1/2"]
[Round "1"]
1.c4 e5
2.g3 Ng8f6
3.Bf1g2 d5
4.cxd5 Nf6xd5
5.Nb1c3 Nd5b6
6.Ng1f3 Nb8c6
7.O-O Bf8e7
8.a3 O-O
9.b4 Bc8e6
10.Ra1b1 f6
11.d3 a5
12.b5 Nc6d4
13.Nf3d2 Qd8c8
14.e3 Nd4f5
15.Qd1c2 Rf8d8
16.Bc1b2 Nf5d6
17.Nd2e4 Nd6f7
18.f4 a4
19.fxe5 Nf7xe5
20.Ne4f2 Ra8a5
21.Rb1c1 Be6f5
22.e4 Bf5e6
23.Nc3d5 Nb6xd5
24.exd5 Be6xd5
25.Bb2xe5 fxe5
26.Qc2xc7 Qc8xc7
27.Rc1xc7 Be7xa3
28.Bg2xd5 Rd8xd5
29.Nf2e4 Ra5a8
30.Rc7xb7 Ba3f8
31.b6 Rd5b5
32.Kg2 a3
33.Kh3 h6
34.Kg4 Rb5b3
35.Kh5 a2
36.Rf1a1 Rb3xd3
37.Rb7a7 Ra8xa7
38.bxa7 Rd3a3
39.Ne4c3 Ra3xa7
40.Ra1xa2 Ra7xa2
41.Nc3xa2 Kf7
42.Na2c3 Bf8b4
43.Nc3e4 Ke6
44.Kg4 Kd5
{ draw }
1/2-1/2

[Event "Tourn. n7949"]
[Site "www.chess-mail.com"]
[Date "2015.04.15"]
[Round "1"]
[White "Nimzo"]
[Black "Echo314"]
[WhiteElo "2660"]
[BlackElo "2630"]
[Result "1/2-1/2"]
[Round "1"]
1.d4 d5
2.c4 c6
3.Nb1c3 e6
4.e3 Ng8f6
5.Ng1f3 Nb8d7
6.Bf1d3 dxc4
7.Bd3xc4 b5
8.Bc4d3 a6
9.e4 c5
10.e5 cxd4
11.Nc3xb5 axb5
12.exf6 gxf6
13.O-O Qd8b6
14.Qd1e2 b4
15.Rf1d1 Bf8c5
16.a4 Bc8b7
17.Bc1f4 e5
18.Rd1e1 Qb6e6
19.Ra1c1 Kd8
20.Bf4g3 Ra8xa4
21.Bd3c4 Qe6d6
22.Qe2d3 Ke7
23.Nf3h4 Kd8
24.Bc4xf7 Ra4a5
25.Nh4f3 Bc5b6
26.Nf3d2 Ra5c5
27.Bf7c4 h5
28.Bg3h4 Rh8f8
29.f3 Kc7
30.Nd2e4 Bb7xe4
31.fxe4 Kb8
32.b3 Rc5a5
33.Re1f1 Rf8c8
34.Qd3f3 d3
35.Kh1 d2
36.Rc1d1 Ra5a2
37.Qf3xh5 Ra2c2
38.Qh5f3 { draw }
1/2-1/2

[Event "Tourn. n8142"]
[Site "www.chess-mail.com"]
[Date "2015.04.15"]
[Round "1"]
[White "Ffdd65"]
[Black "Faerieking"]
[WhiteElo "2160"]
[BlackElo "2140"]
[Result "0-1"]
[Round "1"]
1.e4 e5
2.Ng1f3 Nb8c6
3.Bf1b5 f5
4.Qd1e2 fxe4
5.Bb5xc6 dxc6
6.Nf3xe5 Ng8f6
7.d4 Qd8xd4
8.Ne5c4 Bc8e6
9.Nc4d2 O-O-O
10.c3 Qd4d7
11.O-O Bf8c5
12.Nd2xe4 Nf6xe4
13.Qe2xe4 Be6d5
14.Qe4c2 Qd7g4
 { time }
0-1

[Event "Match"]
[Site "www.echecsemail.com"]
[Date "2015.04.15"]
[Round "1"]
[White "Gambitmiau"]
[Black "Generalfree"]
[WhiteElo "1820"]
[BlackElo "1770"]
[Result "1-0"]
[Round "1"]
1.e4 e5
2.d4 c6
3.dxe5 Qd8a5
4.c3 Qa5xe5
5.Ng1f3 Qe5c7
6.Bf1c4 f6
7.Nf3h4 g6
8.g3 Ng8e7
9.Bc1f4 Qc7b6
10.O-O Qb6xb2
11.Nb1d2 Qb2xc3
12.Rf1e1 g5
13.Qd1h5 Kd8
14.Ra1c1 Qc3d4
15.Bf4e3 Qd4b2
16.Nh4f5 Ne7xf5
17.exf5 d5
18.Re1d1 Bc8xf5
19.Be3xg5 Bf5g6
20.Qh5g4 fxg5
21.Bc4xd5 Nb8d7
22.Nd2c4 cxd5
23.Nc4xb2 Bf8h6
24.Rd1xd5 Bg6e8
25.Qg4c4 Be8f7
26.Qc4c7 Ke7
27.Qc7xd7 Kf6
28.Qd7f5 Kg7
29.Rd5d6 g4
30.Qf5f6 Kg8
31.Rc1d1 Bh6f8
32.Qf6g5 Bf7g6
33.Rd6d8 Ra8xd8
34.Rd1xd8 { resign }
1-0

[Event "Match"]
[Site "www.echecsemail.com"]
[Date "2015.04.15"]
[Round "1"]
[White "Gavroche"]
[Black "Udo"]
[WhiteElo "1820"]
[BlackElo "1520"]
[Result "1-0"]
[Round "1"]
1.d4 d5
2.c4 dxc4
3.Nb1c3 c6
4.e4 Bc8e6
5.d5 cxd5
6.Ng1f3 f6
7.exd5 Be6g4
8.Bf1xc4 a6
9.O-O Qd8d7
10.Qd1d3 g6
11.h3 Bg4f5
12.Qd3d4 Bf8h6
13.Rf1e1 Kf8
14.Bc1e3 e5
15.dxe6 Bf5xe6
16.Be3xh6 Ng8xh6
17.Qd4xf6 Nh6f7
18.Bc4xe6 Qd7e7
19.Qf6xe7 Kxe7
20.Be6c8 Kf8
21.Bc8xb7 Ra8a7
22.Bb7d5 Nf7d6
23.Re1e6 Nd6f7
24.Ra1e1 Kg7
25.Re6e7 Ra7xe7
26.Re1xe7 Rh8f8
27.Nf3g5 Kf6
28.Re7xf7 Rf8xf7
29.Ng5xf7 Nb8d7
30.Nf7d6 Ke5
31.Nd6e4 h6
32.g3 g5
33.b4 Kd4
34.a4 Nd7e5
35.Kg2 g4
36.h4 Ne5d3
37.f3 gxf3
38.Kxf3 Nd3xb4
39.Bd5f7 Nb4d3
40.g4 Nd3e5
41.Kf4 Ne5xf7
42.a5 Kc4
43.Nc3a4 Kb5
44.Ne4c3 Kxa5
45.Kf5 Kb4
46.Kg6 Nf7e5
47.Kf5 Ne5f3
48.h5 Nf3h4
49.Kf6 Nh4f3
50.Kg6 Nf3e5
51.Kxh6 Ne5xg4
52.Kg5 Ng4e5
53.h6 Ne5f7
54.Kg6 Nf7e5
55.Kg7 Ne5d3
56.h7 Nd3c5
57.Na4xc5 Kxc5
58.h8Q Kb4
59.Kf7 a5
60.Qh8d4 Kb3
61.Ke6 Ka3
62.Kd5 Kb2
63.Nc3a4 Kb3
64.Qd4c4 Ka3
65.Qc4b5 Ka2
66.Qb5b2 { resign }
1-0

[Event "Match"]
[Site "www.echecsemail.com"]
[Date "2015.04.15"]
[Round "1"]
[White "Guidom"]
[Black "Chesspower"]
[WhiteElo "2050"]
[BlackElo "1730"]
[Result "1-0"]
[Round "1"]
1.e4 c5
2.Ng1f3 d6
3.d4 cxd4
4.Nf3xd4 Ng8f6
5.Bf1d3 g6
6.O-O Bf8g7
7.c3 O-O
8.Bc1g5 Nb8d7
9.Nb1d2 Nd7e5
10.Bd3c2 h6
11.Bg5h4 a6
12.Kh1 Qd8c7
13.Ra1c1 b5
14.f4 Ne5c4
15.Nd2xc4 Qc7xc4
16.Bc2b3 Qc4c7
17.c4 bxc4
18.Bb3xc4 Qc7b6
19.e5 dxe5
20.fxe5 Nf6g4
21.Bh4xe7 { resign }
1-0

[Event "Match"]
[Site "www.echecsemail.com"]
[Date "2015.04.15"]
[Round "1"]
[White "Pariolinius"]
[Black "F14"]
[WhiteElo "1920"]
[BlackElo "1890"]
[Result "1/2-1/2"]
[Round "1"]
1.d4 Ng8f6
2.c4 g6
3.Ng1f3 d5
4.c5 Bf8g7
5.Bc1f4 c6
6.Nb1c3 Bc8f5
7.e3 O-O
8.Bf1e2 Nf6h5
9.Bf4e5 Nb8d7
10.Be5xg7 Nh5xg7
11.O-O Qd8c7
12.h3 Nd7f6
13.Nf3e5 Nf6d7
14.Ne5g4 e5
15.Ng4h6 Kh8
16.Nh6xf5 Ng7xf5
17.Be2g4 Nf5g7
18.Nc3e2 e4
19.Ne2g3 Nd7f6
20.Bg4e2 Qc7d7
21.b4 Ng7f5
22.Ng3xf5 Qd7xf5
23.a4 b6
24.Ra1c1 bxc5
25.Rc1xc5 Ra8c8
26.Qd1c1 h5
27.Rc5xc6 Rc8xc6
28.Qc1xc6 Rf8c8
29.Qc6b7 Qf5d7
30.Qb7xd7 Nf6xd7
31.a5 Rc8c2
32.Rf1e1 Rc2b2
33.b5 Kg7
34.g4 hxg4
35.hxg4 Rb2a2
36.a6 g5
37.Kf1 Ra2b2
38.Re1c1 Kg6
39.Ke1 f5
40.Rc1c6 Nd7f6
41.f3 Rb2b1
42.Kf2 fxg4
43.fxg4 Rb1b2
44.Ke1 Rb2b1
45.Kf2 Rb1b2
46.Ke1 Rb2b1
47.Kf2 Rb1b2
48.Ke1 Rb2b1
{ draw }
1/2-1/2

[Event "Match"]
[Site "www.echecsemail.com"]
[Date "2015.04.15"]
[Round "1"]
[White "Maestro"]
[Black "Harrytheking"]
[WhiteElo "1900"]
[BlackElo "1690"]
[Result "1-0"]
[Round "1"]
1.f4 b6
2.Ng1f3 Bc8b7
3.e3 h6
4.Bf1e2 d6
5.O-O e6
6.Nb1c3 a6
7.d4 Ng8e7
8.b3 Ne7g6
9.Bc1b2 Bf8e7
10.d5 exd5
11.Nc3xd5 O-O
12.c4 Rf8e8
13.f5 Ng6e5
14.Nf3xe5 dxe5
15.Be2f3 Be7d6
16.e4 Nb8d7
17.Bf3h5 Nd7f6
18.Nd5xf6 Qd8xf6
19.Bh5f3 Ra8d8
20.Qd1c2 Bd6c5
21.Kh1 Bc5d4
22.Bb2xd4 Rd8xd4
23.Ra1d1 Rd4xd1
24.Rf1xd1 c5
25.Qc2d3 b5
26.cxb5 axb5
27.Qd3xb5 Re8b8
28.Qb5xc5 Rb8c8
29.Qc5a7 Bb7c6
30.a4 Rc8a8
31.Qa7e3 Ra8d8
32.Rd1xd8 Qf6xd8
33.h3 f6
34.Qe3c1 Bc6b7
35.Kh2 Qd8d3
36.b4 Qd3b3
37.Qc1d2 Qb3xa4
38.Qd2d8 Kh7
39.Bf3h5 g6
40.Bh5xg6 Kg7
41.Qd8e7 { resign }
1-0

[Event "Match"]
[Site "www.echecsemail.com"]
[Date "2015.04.15"]
[Round "1"]
[White "Kesalon"]
[Black "Susov"]
[WhiteElo "1830"]
[BlackElo "1790"]
[Result "1-0"]
[Round "1"]
1.e4 e5
2.Ng1f3 Nb8c6
3.Bf1c4 h6
4.d4 exd4
5.Nf3xd4 Nc6xd4
6.Qd1xd4 d6
7.Nb1c3 Qd8f6
8.Bc1e3 Qf6xd4
9.Be3xd4 Bc8d7
10.O-O-O c5
11.Bd4e3 Bf8e7
12.Nc3d5 Be7d8
13.Be3f4 Bd8e7
14.Nd5c7 Kd8
15.Nc7xa8 Ng8f6
16.f3 b6
17.Bf4xd6 Bd7c6
18.Bd6xe7 Kxe7
19.Na8xb6 axb6
20.Bc4d5 Bc6b5
21.b3 Nf6h5
22.a4 Bb5a6
23.Bd5c6 Nh5f4
24.Rd1d2 Rh8c8
25.Bc6b5 Ba6b7
26.g3 Nf4e6
27.Rd2d7 Kf8
28.Rd7xb7 Rc8d8
29.Rb7xb6 Ne6d4
30.Rh1d1 Kg8
31.Kb2 Rd8c8
32.Rd1xd4 cxd4
33.Rb6d6 g5
34.Rd6xd4 Kg7
35.a5 Rc8c5
36.Rd4d5 Rc5c8
37.a6 Rc8a8
38.Bb5d3 Kf8
39.Rd5d7 Ra8xa6
40.Bd3xa6 { resign }
1-0

[Event "Match"]
[Site "www.echecsemail.com"]
[Date "2015.04.15"]
[Round "1"]
[White "Nugun"]
[Black "F14"]
[WhiteElo "1590"]
[BlackElo "1870"]
[Result "0-1"]
[Round "1"]
1.c4 e5
2.Nb1c3 Ng8f6
3.Ng1f3 d5
4.e3 c6
5.Nf3xe5 d4
6.e4 dxc3
7.bxc3 Bf8e7
8.d3 Nb8d7
9.d4 Nd7xe5
10.Bc1f4 Ne5g6
11.Qd1f3 O-O
12.Ra1d1 Bc8g4
13.Qf3d3 Bg4xd1
14.Kxd1 Ng6xf4
15.Qd3f3 Nf4g6
16.e5 Nf6d7
17.Bf1d3 Qd8a5
18.Bd3e4 Qa5xa2
19.Rh1e1 Qa2a4
20.Kd2 Qa4xc4
21.d5 Ng6xe5
22.dxc6 Qc4a2
23.Ke3 bxc6
24.Qf3f5 Be7c5
25.Kf4 Qa2xf2
26.Be4f3 Qf2xe1
27.Bf3e4 Bc5e3

0-1

[Event "Match"]
[Site "www.echecsemail.com"]
[Date "2015.04.15"]
[Round "1"]
[White "Harrytheking"]
[Black "Luzhin"]
[WhiteElo "1690"]
[BlackElo "2260"]
[Result "1-0"]
[Round "1"]
1.c4 e5
2.a3 Nb8c6
3.e3 Ng8f6
4.h3 d5
5.b3 Bc8e6
6.Bc1b2 dxc4
7.bxc4 Bf8c5
8.Ng1e2 Be6xc4
9.Bb2c3 O-O
10.Ne2g3 Bc4xf1
11.Ng3xf1 Qd8d5
12.Rh1h2 Nf6d7
13.d3 Bc5e7
14.e4 Qd5b5
15.a4 Qb5a6
16.Nf1e3 Nd7c5
17.Ne3d5 Ra8d8
18.Kf1 Nc5xd3
19.Kg1 Be7c5
20.g4 Nd3f4
21.Qd1f3 f5
22.gxf5 Rd8xd5
23.Bc3xe5 Nc6xe5
24.Qf3xf4 Rd5d1
25.Kg2 Qa6f1
26.Kg3 Rd1d3
27.Kh4 Bc5e7
28.Kh5 Rd3xh3
29.Rh2xh3 Qf1xh3
30.Qf4h4 { resign }
1-0

[Event "1/8 Finale"]
[Site "www.chess-mail.com"]
[Date "2015.04.15"]
[Round "1"]
[White "Echo314"]
[Black "Schwiizer"]
[WhiteElo "2650"]
[BlackElo "2680"]
[Result "1-0"]
[Round "1"]
1.d4 f5
2.g3 e6
3.c4 Ng8f6
4.Bf1g2 c6
5.Ng1f3 d5
6.O-O Bf8d6
7.Nb1c3 O-O
8.Qd1b3 Nb8d7
9.Bc1g5 h6
10.Bg5f4 Bd6e7
11.Ra1d1 Qd8e8
12.Rf1e1 Qe8f7
13.e3 Nf6e4
14.Nf3e5 Nd7xe5
15.Bf4xe5 b6
16.f4 Ne4xc3
17.Qb3xc3 Bc8a6
18.b3 Rf8d8
19.c5 Rd8c8
20.Rd1d2 Be7f6
21.Rd2c2 Bf6xe5
22.dxe5 Ra8b8
23.Qc3d4 Qf7e7
24.Re1c1 g5
25.fxg5 Qe7xg5
26.cxb6 Rb8xb6
27.Bg2f3 Qg5e7
28.Rc2c5 Rc8c7
29.Rc1c3 Ba6c8
30.a3 Kh7
31.Bf3h5 Bc8a6
32.Kf2 Qe7d8
33.Bh5d1 Qd8d7
34.Qd4h4 Qd7g7
35.Qh4f4 Ba6c8
36.Bd1c2 Kg8
37.Bc2d3 Bc8d7
38.b4 Bd7e8
39.Rc3c1 Rb6b8
40.Bd3e2 Kh7
41.Qf4d4 Rc7b7
42.Rc1g1 Qg7g5
43.Rc5a5 Rb8a8
44.Ra5a6 Be8d7
45.Be2d3 Kh8
46.Rg1c1 Qg5h5
47.Kg1 Qh5f7
48.Rc1f1 Qf7g7
49.Rf1f4 Ra8c8
50.Rf4h4 Qg7g5
51.Qd4c5 Rc8c7
52.Qc5f8 Kh7
53.Kf2  { time }
1-0

[Event "1/128 Finale"]
[Site "www.chess-mail.com"]
[Date "2015.04.15"]
[Round "1"]
[White "Attatroll"]
[Black "Gandalf"]
[WhiteElo "1920"]
[BlackElo "1480"]
[Result "1/2-1/2"]
[Round "1"]
1.d4 g6
2.c4 Bf8g7
3.g3 d5
4.Bf1g2 c6
5.Nb1c3 Ng8f6
6.Ng1f3 O-O
7.O-O Nf6e4
8.e3 Ne4xc3
9.bxc3 dxc4
10.a4 Qd8c7
11.e4 Bc8g4
12.Bc1f4 Qc7c8
13.Qd1e2 Bg4xf3
14.Bg2xf3 Nb8d7
15.Rf1b1 e5
16.Bf4e3 exd4
17.cxd4 Nd7f6
18.Qe2xc4 Qc8d7
19.Ra1a2 a6
20.Ra2b2 b5
21.axb5 axb5
22.Qc4c5 Rf8e8
23.e5 Nf6d5
24.Bf3xd5 Qd7xd5
25.Qc5xd5 cxd5
26.Rb2xb5 Re8d8
27.Be3g5 Rd8f8
28.Rb5xd5 h6
29.Bg5f6 Bg7xf6
30.exf6 Rf8d8
31.Rd5xd8 Ra8xd8
32.Rb1d1 Kf8
33.Kg2 Ke8
34.Kf3 Rd8d6
35.Ke4 Rd6xf6
36.f4 Rf6e6
37.Kd5 Re6e2
{ draw }
1/2-1/2

[Event "1/128 Finale"]
[Site "www.chess-mail.com"]
[Date "2015.04.15"]
[Round "1"]
[White "Vinvangogh"]
[Black "Traub"]
[WhiteElo "1540"]
[BlackElo "1740"]
[Result "1-0"]
[Round "1"]
1.e4 e6
2.Ng1f3 d5
3.Nb1c3 d4
4.Nc3e2 c5
5.Ne2f4 Bf8d6
6.Bf1b5 Bc8d7
7.d3 Bd7xb5
8.c4 dxc3
9.d4 cxb2
10.Bc1xb2 Bd6xf4
11.e5 Qd8a5
12.Nf3d2 Nb8c6
13.Ra1c1 cxd4
14.f3 Nc6xe5
15.Bb2xd4 Ne5d3
16.Kf1 Nd3xc1
{ time. }
1-0

[Event "Eq:Team USA-Slap Shot Mates : "]
[Site "www.chess-mail.com"]
[Date "2015.04.15"]
[Round "1"]
[White "Mustaphly"]
[Black "Preacher59"]
[WhiteElo "2680"]
[BlackElo "2000"]
[Result "1-0"]
[Round "1"]
1.d4 Ng8f6
2.Ng1f3 g6
3.c4 Bf8g7
4.Nb1c3 O-O
5.e4 d6
6.Bf1e2 Bc8g4
7.Bc1e3 Nb8d7
8.Ra1c1 e5
9.d5 Nf6e8
10.h3 Bg4xf3
11.Be2xf3 f5
12.Qd1c2 f4
13.Be3d2 g5
14.Bf3g4 Kh8
15.Bg4f5 h5
16.Qc2d1 Ne8f6
17.Qd1e2  { time }
1-0

[Event "Eq:La Taverne-Cats in the rain : "]
[Site "www.chess-mail.com"]
[Date "2015.04.15"]
[Round "1"]
[White "Traub"]
[Black "Amaya"]
[WhiteElo "1730"]
[BlackElo "2000"]
[Result "0-1"]
[Round "1"]
1.e4 e6
2.d4 d5
3.Nb1c3 Bf8b4
4.e5 Ng8e7
5.a3 Bb4xc3
6.bxc3 c5
7.a4 Qd8c7
8.Bc1a3 cxd4
9.Ba3xe7 Qc7xc3
10.Ke2 Kxe7
11.Ng1f3 b6
12.Nf3xd4 Bc8a6
13.Nd4b5 Ba6xb5
14.axb5 Qc3xe5
15.Kd2 Qe5f4
16.Ke1 Rh8c8
17.Bf1d3 Nb8d7
18.O-O Nd7e5
19.Bd3e2 Ne5c4
20.Be2xc4 { time. }
0-1

[Event "Tourn. n8072"]
[Site "www.chess-mail.com"]
[Date "2015.04.16"]
[Round "1"]
[White "Fabos12"]
[Black "Falcoale"]
[WhiteElo "1890"]
[BlackElo "1860"]
[Result "0-1"]
[Round "1"]
1.e4 c5
2.Nb1c3 e6
3.Bf1c4 Nb8c6
4.Ng1f3 a6
5.a3 b5
6.Bc4a2 Bc8b7
7.d4 cxd4
8.Nf3xd4 Ra8c8
9.O-O b4
10.axb4 Nc6xb4
11.Ba2b3 Bf8e7
12.Bc1e3 Ng8f6
13.Rf1e1 Nf6xe4
14.Nc3xe4 Bb7xe4
15.c3 Nb4d3
16.Re1e2 O-O
17.Bb3c2 Nd3xb2
18.Qd1d2 Nb2c4
19.Qd2e1 Be4xc2
20.Nd4xc2 d5
21.Ra1xa6 Nc4xe3
22.Nc2xe3 Be7f6
23.Ne3d1 Qd8c7
24.Ra6a3 Rc8a8
25.Ra3xa8 Rf8xa8
26.Qe1d2 Ra8a1
27.Re2e1 Ra1a3
 { time }
0-1

[Event "Tourn. n8158"]
[Site "www.chess-mail.com"]
[Date "2015.04.16"]
[Round "1"]
[White "Duff"]
[Black "Generalfree"]
[WhiteElo "1850"]
[BlackElo "1800"]
[Result "1-0"]
[Round "1"]
1.e4 c5
2.Ng1f3 Nb8c6
3.d4 cxd4
4.Nf3xd4 Nc6xd4
5.Qd1xd4 e6
6.Nb1c3 a6
7.Bf1e2 d6
8.Bc1e3 e5
9.Qd4d2 Bc8e6
10.O-O-O Ng8f6
11.f3 Bf8e7
12.Be3g5 Ra8c8
13.Bg5xf6 gxf6
14.Nc3d5 Be6xd5
15.Qd2xd5 Rc8c7
16.Be2c4 O-O
17.g3 Rc7c5
18.Qd5xc5 dxc5
19.Rd1xd8 Rf8xd8
20.Bc4d5 b6
21.a4 a5
22.Rh1d1 Kg7
23.Kd2 f5
24.Kc3 fxe4
25.fxe4 h6
26.Rd1f1 f6
27.Kc4 Kg6
28.Kb5 Rd8b8
29.Rf1d1 h5
30.Bd5e6 Kg5
31.Rd1d7 Be7d8
32.h4 Kh6
33.Be6f5 { resign }
1-0

[Event "Tourn. n8144"]
[Site "www.chess-mail.com"]
[Date "2015.04.16"]
[Round "1"]
[White "Gilliere"]
[Black "Ruko"]
[WhiteElo "1850"]
[BlackElo "1880"]
[Result "1-0"]
[Round "1"]
1.e4 e5
2.Ng1f3 Nb8c6
3.Bf1b5 a6
4.Bb5xc6 dxc6
5.h3 Bf8c5
6.d3 f6
7.O-O Ng8e7
8.Nb1c3 O-O
9.a3 Ne7g6
10.b4 Bc5b6
11.Bc1b2 Bc8e6
12.Nc3e2 Qd8e7
13.c4 Ra8d8
14.Qd1c2 c5
15.b5 axb5
16.cxb5 Qe7d7
17.Rf1d1 Qd7xb5
18.Ne2c3 Qb5c6
19.a4  { time }
1-0

[Event "Tourn. n8130"]
[Site "www.chess-mail.com"]
[Date "2015.04.16"]
[Round "1"]
[White "Hali"]
[Black "Falcoale"]
[WhiteElo "2180"]
[BlackElo "2010"]
[Result "1-0"]
[Round "1"]
1.e4 c5
2.Ng1f3 Nb8c6
3.d4 cxd4
4.Nf3xd4 a6
5.Nb1c3 e6
6.Bf1e2 Bf8b4
7.O-O Ng8f6
8.Nd4xc6 bxc6
9.e5 Bb4xc3
10.bxc3 Nf6d5
11.c4 Nd5c7
12.Bc1a3 a5
13.Ra1b1 Nc7a6
14.Ba3d6 f6
15.f4 f5
16.Rf1f3 Kf7
17.Rf3h3 g6
18.a3 Na6c7
19.g4 h6
20.Rb1b3 Nc7e8
21.gxf5 gxf5
22.Be2h5 Kg8
23.Rh3g3 Ne8g7
24.Rg3xg7 Kxg7
25.Rb3g3 Kh7
26.Bh5g6 Kg7
27.Bg6xf5 Kf7
28.Bf5g6 Kg8
29.Bg6e8 { resign }
1-0